All 50 States - Statistics

General Stats
  • This quiz has been taken 301 times
  • The average score is 44 of 50
Answer Stats
State % Correct
California
98%
New York
98%
Alabama
96%
Alaska
94%
Florida
94%
Arizona
93%
Texas
93%
Georgia
92%
New Mexico
92%
North Carolina
92%
North Dakota
92%
South Carolina
92%
South Dakota
92%
Washington
92%
Hawaii
91%
Virginia
90%
Arkansas
89%
New Jersey
89%
Colorado
88%
Illinois
88%
Vermont
88%
Maine
87%
Ohio
87%
West Virginia
87%
Delaware
86%
Idaho
86%
Indiana
86%
Kansas
86%
Kentucky
86%
Michigan
86%
Montana
86%
Oregon
86%
Wyoming
86%
Louisiana
85%
Mississippi
85%
Oklahoma
85%
Utah
85%
New Hampshire
84%
Iowa
83%
Nebraska
83%
Nevada
83%
Rhode Island
83%
Tennessee
83%
Maryland
80%
Pennsylvania
80%
Wisconsin
80%
Connecticut
79%
Missouri
79%
Minnesota
78%
Massachusetts
76%
No matching quizzes found
Score Distribution
Percent of People with Each Score
Percentile by Number Answered
Your Score History
You have not taken this quiz